000 01418nab a22002417a 4500
999 _c5736
_d5736
003 OSt
005 20260101193216.0
008 190514b xxu||||| |||| 00| 0 spa d
040 _cPJ
100 _96656
_aFerrero, Cecilia M.
245 1 0 _aNuevas voluntades para responder viejas preguntas :
_b¿quién es el padre? /
_cCecilia M. Ferrero.
300 _ap. 115-125
500 _aCita: TR LALEY AR/DOC/3255/2024.
505 _aSumario: I. Reseña del fallo.— II. Introducción.— III. Acción de filiación en el Cód. Civil. Reclamación de filiación y derecho a la identidad.— IV. La filiación binaria y la pluriparentalidad.— V. Distintas respuestas doctrinarias y judiciales para el reconocimiento de la triple filiación.— VI. Posición normativa del fallo bajo estudio.— VII. Legitimación para obrar.— VIII. A modo de cierre.
505 _aFallo comentado: GEJUAF Godoy Cruz ~ 13/06/2024 ~ Octava Asesoría de Menores e Incapaces en representacion de D. L. C. M. J. s/ acción de triple filiación.
650 0 _9967
_aDERECHO DE FAMILIA
650 0 _92345
_aDERECHO A LA IDENTIDAD
650 0 _91004
_aFILIACION
650 0 _93888
_aLEGITIMACION ACTIVA
650 0 _91057
_aJURISPRUDENCIA APLICABLE
773 0 _02844
_93222
_dBuenos Aires : AbeledoPerrot, 1989-
_tDerecho de familia. Revista Interdisciplinaria de doctrina y jurisprudencia. Febrero 2025-I.
_z18511201
942 _2udc
_cANA